000 00250nam a2200109Ia 4500
100 _aPandey/Braj Raman
942 _cBK
245 _aTest your knowledge in Machine Drawing
260 _bCurriculum Centre
_c2001
082 _a602.2
546 _aENGLISH
999 _c24372
_d24372